书目信息 |
| 题名: |
匠心绘梦
|
|
| 作者: | ;中国建筑第八工程局公司 编 | |
| 分册: | ||
| 出版信息: | 北京 中国建筑工业出版社 2024.12 |
|
| 页数: | 203页 | |
| 开本: | 30cm | |
| 丛书名: | ||
| 单 册: | ||
| 中图分类: | TU206 | |
| 科图分类: | ||
| 主题词: | 建筑设计--jian zhu she ji--作品集--中国--现代 | |
| 电子资源: | ||
| ISBN: | 978-7-112-30544-5 | |
| 000 | 01248nam0 2200241 450 | |
| 001 | 94415 | |
| 005 | 20250820140420.88 | |
| 010 | @a978-7-112-30544-5@b精装@dCNY198.00 | |
| 100 | @a20250326d2024 em y0chiy50 ea | |
| 101 | 0 | @achi |
| 102 | @aCN@b110000 | |
| 105 | @aa z 000yy | |
| 106 | @ar | |
| 200 | 1 | @a匠心绘梦@Ajiang xin hui meng@e中国建筑第八工程局有限公司设计作品集@f中国建筑第八工程局有限公司设计管理总院编 |
| 210 | @a北京@c中国建筑工业出版社@d2024.12 | |
| 215 | @a203页@c彩图@d30cm | |
| 330 | @a本书为中建八局在城市设计、文化旅游、科研办公、产业园区、体育会展、酒店建筑、教育建筑、医疗建筑、居住建筑、城市更新、室内装饰、市政交通、海外业务等不同领域的优秀设计作品集锦。全面体现了中间八局从无到有、从有到精, 转型迈入新征程的一路繁花。同时, 也为同行们展示了每个设计项目的设计理念, 有助于相关设计院所参考学习。 | |
| 517 | 1 | @a中国建筑第八工程局有限公司设计作品集@Azhong guo jian zhu di ba gong cheng ju you xian gong si she ji zuo pin ji |
| 606 | 0 | @a建筑设计@Ajian zhu she ji@x作品集@y中国@z现代 |
| 690 | @aTU206@v5 | |
| 711 | 02 | @a中国建筑第八工程局公司@Azhong guo jian zhu di ba gong cheng ju you xian gong si@b设计管理总院@Bshe ji guan li zong yuan@4编 |
| 801 | 0 | @aCN@c20250909 |
| 905 | @a河南城建学院图书馆@dTU206@eZ563-2@f3 | |
| 匠心绘梦:中国建筑第八工程局有限公司设计作品集/中国建筑第八工程局有限公司设计管理总院编.-北京:中国建筑工业出版社,2024.12 |
| 203页:彩图;30cm |
| ISBN 978-7-112-30544-5(精装):CNY198.00 |
| 本书为中建八局在城市设计、文化旅游、科研办公、产业园区、体育会展、酒店建筑、教育建筑、医疗建筑、居住建筑、城市更新、室内装饰、市政交通、海外业务等不同领域的优秀设计作品集锦。全面体现了中间八局从无到有、从有到精, 转型迈入新征程的一路繁花。同时, 也为同行们展示了每个设计项目的设计理念, 有助于相关设计院所参考学习。 |
| ● |
| 相关链接 |
|
|
|
正题名:匠心绘梦
索取号:TU206/Z563-2
 
预约/预借
| 序号 | 登录号 | 条形码 | 馆藏地/架位号 | 状态 | 备注 |
| 1 | 1628421 | 216284214 | 建筑库101/101建筑库 44排1列4层/ [索取号:TU206/Z563-2] | 在馆 | |
| 2 | 1628422 | 216284223 | 建筑库101/101建筑库 44排1列4层/ [索取号:TU206/Z563-2] | 在馆 | |
| 3 | 1628423 | 216284232 | 建筑库101/101建筑库 44排1列4层/ [索取号:TU206/Z563-2] | 在馆 |